000
00214 a2200097 4500
001
43957
100
_a
Majid Fakhry
245
_a
Islamic Occasionalism
260
_a
London
_b
George Allen
_c
090
_c
27696
_d
27696
942
_a
NUST-CAE
_c
M
_c
19664
999
_c
279030
_d
279030